000 00237nam a2200109Ia 4500
008 190216s9999||||xx |||||||||||||| ||und||
100 _aV K N
245 0 _aPayyande Samaram
260 _bCurrent Books
650 _aKathakal
942 _cBK
999 _c24449
_d24449